• 首页
  • 本馆介绍
  • 公告通知
  • 最新文献
  • 馆藏检索
  • 电子资源
  • 读者导购
  • 参考咨询
  • 我的图书馆
  • 登录
  • 详细信息显示
  • 放入我的书架
  • 预约/预借图书
  • 作者相关作品
  • 分类相关作品
  • 丛书相关作品
  • 出版社相关作品

书目信息

  • 表格格式
  • 工作单格式
  • 卡片格式
题名:
仁者之言
    
 
作者: 黄荣华 选编
分册:  
出版信息: 上海   上海教育出版社  2017
页数: 209页
开本: 20cm
丛书名:
单 册:
中图分类: B222.2-49
科图分类:
主题词: 先秦哲学
电子资源:
ISBN: 978-7-5444-7547-1
000 00568nam0 2200193 450
001 4096
005 20180527214927.17
010    @a978-7-5444-7547-1@dCNY25.00
100    @a20180527d2017 km y0chiy0120 ea
101 0  @achi
102    @aCN@b310000
200 1  @a仁者之言@Aren zhe zhi yan@f黄荣华选编@Fhuang rong hua xuan bian
210    @a上海@c上海教育出版社@d2017
215    @a209页@d20cm
606 0  @a先秦哲学
690    @aB222.2-49@v4
701  0 @a黄荣华@Ahuang rong hua@4选编
801  0 @aCN@b大连网信软件有限公司图书馆·11@c20180527
905    @aMuseLib@dB222.2-49@e753
    
    仁者之言/黄荣华选编.-上海:上海教育出版社,2017
    209页;20cm
    
    
    ISBN 978-7-5444-7547-1:CNY25.00
    
●
相关链接 在E读中查询图书 在五车中查询图书 在当当中查询图书 在豆瓣中查询图书


正题名:仁者之言     索取号:B222.2-49/753         预约/预借

序号 登录号 条形码 馆藏地/架位号 状态 备注
1 1111878   211118789   第一样本阅览室/ [索取号:B222.2-49/753] 在馆    
2 1111879   211118798   教育系资料室/ [索取号:B222.2-49/753] 在馆    
3 1111880   211118805   教育系资料室/ [索取号:B222.2-49/753] 在馆    
4 1111881   211118814   第一借阅区/ [索取号:B222.2-49/753] 在馆    
唐山师范学院图书馆 欢迎您!
大连网信软件有限公司© 版权所有